Iglesia, arte, misterio /

Gorde:
Xehetasun bibliografikoak
Egile nagusia: Herwegen, Ildefonso (autor)
Beste egile batzuk: Oñatibia, Ignacio (traducción) (traducción)
Formatua: Liburua
Hizkuntza:gaztelania
Argitaratua: Madrid, España : Guadarrama, 1960, c1960
Etiketak: Etiketa erantsi
Etiketarik gabe, Izan zaitez lehena erregistro honi etiketa jartzen!

MARC

LEADER 00000nam^a2200000^a^4500
001 000628761
005 20260305000000.0
009 20260526154528.77
037 |a Acervo Xavier Clavigero 
041 |a ESP 
091 |a FHG. 01471 
100 |a Herwegen, Ildefonso  |e (autor) 
245 1 0 |a Iglesia, arte, misterio / 
264 4 |a Madrid, España :  |b Guadarrama,  |c 1960, c1960 
300 |a 105 p. 
336 |a texto  |b txt  |2 rdacontenido 
337 |a sin mediación  |b n  |2 rdamedio 
338 |a volumen  |b nc  |2 rdasoporte 
649 |a XX 
700 |a Oñatibia, Ignacio  |e (traducción) 
910 |a Fondo Humberto García Bedoy S.J. 
920 |a Impresos - Libros 
930 |a Fondos Especiales 
905 |a 148 
901 |a 628761-10  |b IT2  |c ESP  |i D  |u 20260305 
902 |a https://opac.biblio.iteso.mx/vufind/Record/000628761